000 01203cam a2200277 i 4500
003 SA-RiAUC
005 20241223072851.0
008 241220s2000 ir g 000r0 ara c
040 _aSA-JeALM
_bara
_cSA-RiAUC
_erda
082 0 4 _a330.121
090 _a330.121
_bم ص ب
100 1 _aالمصباحي، غلام رضا،
_d1951-
_eمؤلف.
245 1 0 _aموجز أسس الاقتصاد الإسلامي /
_cغلام رضا المصباحي، هادي العربي ؛ ترجمة أحمد فاضل السعدي، جمال محمد صالح اليوزبكي.
264 1 _aقم، إيران :
_bمعهد البحوث الحوزة والجامعة،
_c1959
300 _a138 صفحة ؛
_c24 سم
336 _aنص
_btxt
_2rdacontent
_3كتاب
337 _aبدون وسيط
_bn
_2rdamedia
338 _aمجلد
_bnc
_2rdacarrier
650 7 _aالاقتصاد الإسلامي
_2aucsh
650 7 _aالإسلام والاقتصاد
_2aucsh
700 1 _aعربي، هادي
_eمؤلف.
700 1 _aالسعدي، أحمد فاضل
_eمترجم.
700 1 _aاليوزبكي، جمال محمد صالح
_eمترجم.
942 _2ddc
_cBOOK
_n0
949 _aSA-JeALM
_d241220
_umohamedma123
_n1
999 _c3800
_d3800